Equipe de France de football : Ville hôtes - Statistiques

Statistiques générales
  • Ce quiz a été pris 267 fois
  • Le résultat moyen est 20 sur 38
Statistiques - réponses
Rang Villes Région nbre matchs % Correct
1 Paris Île-de-France 136
100%
4 Marseille Provence-Alpes-Côte d'Azur 16
96%
Lille Hauts-de-France 1
94%
5 Nantes Pays de la Loire 10
93%
Lyon Auvergne-Rhône-Alpes 8
92%
Nice Provence-Alpes-Côte d'Azur 4
91%
12 Bordeaux Nouvelle-Aquitaine 4
90%
2 Saint-Denis Île-de-France 107
90%
9 Saint étienne Auvergne-Rhône-Alpes 7
89%
Strasbourg Grand Est 3
88%
6 Lens Hauts-de-France 9
87%
Rennes Bretagne 3
87%
Toulouse Occitanie 7
87%
Monaco Principauté 1
76%
11 Montpellier Occitanie 5
76%
Caen Normandie 2
75%
Le Havre Normandie 2
69%
Reims Grand Est 2
64%
19 Auxerre Bourgogne-Franche-Comté 2
62%
Grenoble Auvergne-Rhône-Alpes 1
59%
Guingamp Bretagne 2
49%
Nîmes Occitanie 1
47%
Valenciennes Hauts-de-France 1
47%
Le Mans Pays de la Loire 1
40%
27 Fort de France Martinique 1
34%
3 Colombes Île-de-France 83
27%
Saint Pierre La Réunion 1
25%
7 Saint-Ouen Île-de-France 8
18%
Montbéliard Bourgogne-Franche-Comté 1
14%
Villeneuve d'Ascq Hauts-de-France 4
13%
Décines-Charpieu Auvergne-Rhône-Alpes 2
4%
Montrouge Île-de-France 3
3%
Saint Cloud Île-de-France 1
3%
Le Petit-Quevilly Normandie 2
2%
15 Longeville-lès-Metz Grand Est 3
2%
Gentilly Île-de-France 2
1%
Le Bouscat Nouvelle-Aquitaine 1
1%
Maisons-Alfort Île-de-France 1
0%
Aucun quiz correspondant
Distribution des résultats
% des personnes avec chaque résultat
Percentile par nombre de réponses
Votre historique - résultats
Vous n’avez pas pris ce quiz